00733nam a22002297a 450000500170000001000130001702000100003003500130004003700160005304000120006908200110008110000310009224500420012326000430016527000370020830000200024565000220026565000190028794200200030699900190032695201580034520170124110112.0 aA-023269 c00.00 aA-023269 bCen Lib/Ret aDPLbEN aNbALL aAllingham, Margery 928032 aHide my eyes /cby Margery Allingham  bThe Thriller Book Club c1958aLondon  bLondon a121 charing cross road  a218p.c17cm(Hb) aliterature 96262 aNovels 913976 2ddccENhNmALL c130440d130440 04104070aLbLd2015-07-09eCen Lib/Retg0.00l0oN ALLpA-023269r2015-07-09 00:00:00t1v0.00w2015-07-09yENzW/d List No. 6866/25 ; dtd 08/08/2020